Catálogo
Digital

Catálogo
Digital

Matemáticas Básicas (Record no. 14472)

MARC details
000 -CABECERA
campo de control de longitud fija 01180nam a2200289 4500
003 - IDENTIFICADOR DEL NÚMERO DE CONTROL
campo de control EC-UNACH
006 - CÓDIGOS DE INFORMACIÓN DE LONGITUD FIJA--CARACTERÍSTICAS DEL MATERIAL ADICIONAL
campo de control de longitud fija s||||gr|||| 00| 00
008 - DATOS DE LONGITUD FIJA--INFORMACIÓN GENERAL
campo de control de longitud fija 150116t9999 mx r gr 000 0 spa d
020 ## - NÚMERO INTERNACIONAL ESTÁNDAR DEL LIBRO
Número Internacional Estándar del Libro 978-84-8363-285-7
040 ## - FUENTE DE LA CATALOGACIÓN
Centro catalogador/agencia de origen EC-UNACH
Centro/agencia transcriptor EC-UNACH
041 ## - CÓDIGO DE LENGUA
Código de lengua del texto/banda sonora o título independiente spa
082 04 - NÚMERO DE LA CLASIFICACIÓN DECIMAL DEWEY
Número de edición 23
Número de clasificación 510
Número de documento/Ítem L018657
100 ## - ENTRADA PRINCIPAL--NOMBRE DE PERSONA
Nombre de persona Alamar, Miguel
245 ## - MENCIÓN DE TÍTULO
Título Matemáticas Básicas
250 ## - MENCIÓN DE EDICIÓN
Mención de edición Primera Edición
264 ## - Producción, publicación, distribución, fabricación y copyright
Lugar de producción, publicación, distribución, fabricación Valencia
Nombre del de productor, editor, distribuidor, fabricante Editorial de la UPV
Fecha de de producción, publicación, distribución, fabricación o copyright 2008
300 ## - DESCRIPCIÓN FÍSICA
Extensión 258 paginas
Otras características físicas gráficos
Dimensiones 24 cm.
500 ## - NOTA GENERAL
Nota general El libro, concebido como un curso teórico-practico trata algunos temas cuyo conocimiento es imprescindible para los alumnos
505 ## - NOTA DE CONTENIDO CON FORMATO
Nota de contenido con formato Polinomios y fracciones racionales.- Funciones polinómicas y racionales.- Resolución de ecuaciones e inecuaciones.- Cónicas.- Funciones exponenciales y logarítmicas.- Funciones circulares y trigonometría.- Continuidad.- Derivabilidad.- Estudio local y grafica de una función.- Cálculo de primitivas
650 ## - PUNTO DE ACCESO ADICIONAL DE MATERIA--TÉRMINO DE MATERIA
Término de materia o nombre geográfico como elemento inicial LA HIPERBOLA
650 ## - PUNTO DE ACCESO ADICIONAL DE MATERIA--TÉRMINO DE MATERIA
Término de materia o nombre geográfico como elemento inicial CONCAVIDAD
650 ## - PUNTO DE ACCESO ADICIONAL DE MATERIA--TÉRMINO DE MATERIA
Término de materia o nombre geográfico como elemento inicial POLINOMIOS
942 ## - ELEMENTOS DE PUNTO DE ACCESO ADICIONAL (KOHA)
Fuente del sistema de clasificación o colocación Clasificación Decimal Dewey
Tipo de ítem Koha Libros
999 ## - NÚMEROS DE CONTROL DE SISTEMA (KOHA)
Koha biblionumber 14472
Holdings
Estado de pérdida Fuente del sistema de clasificación o colocación Estado dañado No para préstamo Localización permanente Ubicación/localización actual Ubicación en estantería Fecha de adquisición Número de inventario Total de préstamos Signatura topográfica completa Código de barras Fecha visto por última vez Precio válido a partir de Tipo de ítem Koha Centro de costos
  Clasificación Decimal Dewey     Biblioteca Campus Sur Biblioteca Campus Sur Pedagogía de las Ciencias Experimentales 01/04/2026 3993307   510 ALA L018657 L018657 01/04/2026 01/04/2026 Libros  

Powered by Koha